|
|
|
|
| LEADER |
01248cam a2200301 a 4500 |
| 001 |
0000062695 |
| 005 |
20100727090000.0 |
| 040 |
|
|
|a mod
|
| 041 |
|
|
|a eng
|
| 020 |
0 |
0 |
|a 9676112410
|
| 090 |
0 |
0 |
|a 351.595
|b AHM
|e 2001
|
| 100 |
0 |
0 |
|a Ahmad Atory Hussain
|
| 245 |
1 |
0 |
|a Pengantar pentadbiran awam
|b paradigma baru
|c Ahmad Atory bin Hussain
|
| 260 |
0 |
0 |
|a Kuala Lumpur
|b Utusan Publications & Distributors
|c 2001
|
| 300 |
0 |
0 |
|a vi, 338 p.
|c 21 cm
|
| 440 |
0 |
0 |
|a Siri pengajian dan pendidikan utusan
|
| 500 |
0 |
0 |
|a Includes bibliographical references and index
|
| 650 |
0 |
0 |
|a Civil service
|z Malaysia
|
| 650 |
0 |
0 |
|a Administrative agencies
|z Malaysia
|
| 651 |
0 |
0 |
|a Malaysia
|x Politics and government
|
| 852 |
0 |
0 |
|a 01
|
| 999 |
|
|
|a 0201811
|b 10 BGD
|d BOOKS
|e Umum
|f 10 BGD
|j AVAILABLE
|q GOOD CONDITION
|
| 999 |
|
|
|a 0213834
|b 4 DIV
|d BOOKS
|e Umum
|f 4 DIV
|j AVAILABLE
|q GOOD CONDITION
|
| 999 |
|
|
|a 0229692
|b KD Malaya
|d BOOKS
|e Umum
|f KD MALAYA
|j AVAILABLE
|q GOOD CONDITION
|
| 999 |
|
|
|a 0230507
|b KEMENTAH
|d BOOKS
|e Umum
|f Perpustakaan KEMENTAH
|j AVAILABLE
|q GOOD CONDITION
|
| 999 |
|
|
|a 0239261
|b ILMI
|d BOOKS
|e Umum
|f ILMI
|j AVAILABLE
|q GOOD CONDITION
|
| 999 |
|
|
|a 0239294
|b KTU
|d BOOKS
|e Umum
|f KTU
|j AVAILABLE
|q GOOD CONDITION
|
| 999 |
|
|
|a 0244212
|b 12 BGD
|d BOOKS
|e Umum
|f 4 DIV
|j WEEDED
|q GOOD CONDITION
|